England WC 2022 Squad - Statistics

General Stats
  • This quiz has been taken 109 times
  • The average score is 20 of 26
Answer Stats
Hint # Answer % Correct
Spurs 9 Harry Kane
99%
Everton 1 Jordan Pickford
98%
Man City 5 John Stones
93%
Man City 2 Kyle Walker
92%
Dortmund 22 Jude Bellingham
91%
Liverpool 8 Jordan Henderson
90%
Man United 6 Harry Maguire
89%
Man City 20 Phil Foden
88%
Arsenal 17 Bukayo Saka
86%
Man United 11 Marcus Rashford
85%
Man City 7 Jack Grealish
84%
Chelsea 10 Raheem Sterling
84%
West Ham 4 Declan Rice
82%
Man United 3 Luke Shaw
82%
Newcastle 12 Kieran Trippier
76%
Liverpool 18 Trent Alexander-Arnold
76%
Chelsea 19 Mason Mount
75%
Newcastle 13 Nick Pope
74%
Arsenal 23 Aaron Ramsdale
66%
Leicester City 25 James Maddison
66%
Arsenal 21 Ben White
60%
Spurs 15 Eric Dier
53%
Man City 14 Kalvin Phillips
51%
Newcastle 24 Callum Wilson
50%
Chelsea 26 Conor Gallagher
38%
Everton 16 Conor Coady
31%
No matching quizzes found
Score Distribution
Percent of People with Each Score
Percentile by Number Answered
Your Score History
You have not taken this quiz